Prendas y pesos en el Potosí colonial : colocando las prácticas urbanas en un contexto social /

Detalles Bibliográficos
Autor principal: Mangan, Jane E.
Formato: Libro
Lenguaje:inglés

MARC

LEADER 00000cam a2200000 a 4500
001 000205
003 UAHC_CL
005 20170803115622.0
008 030925b xx j 000 1 eng
040 |a UAHC_CL  |c UAHC_CL  |d UAHC_CL 
100 1 |a Mangan, Jane E. 
245 1 0 |a Prendas y pesos en el Potosí colonial :  |b colocando las prácticas urbanas en un contexto social /  |c Jane E. Mangen. 
300 |a [22] p. 
500 |a En: Revista Andina. -- No. 36 (Primer semestre 2003), pp. 107-129 
942 |c BK 
999 |c 205  |d 205